Vainqueur du Top 14 - Statistiques

Statistiques générales
  • Ce quiz a été pris 112 fois
  • Le résultat moyen est 98 sur 125
Statistiques - réponses
Année Réponse % Correct
1932 | 1933 Lyon OU
100%
1912 | 1922 | 1923 | +21 others Stade Toulousain
99%
1935 | 1939 | 2002 | +2 others Biarritz olympique
97%
1893 | 1894 | 1895 | +11 others Stade français
94%
1931 | 1987 | 1992 | 2014 RC Toulon
92%
2010 | 2017 ASM Clermont
90%
2022 Montpellier HR
89%
1896 Olympique
87%
2016 Racing 92
87%
1892 | 1900 | 1902 | +2 others Racing Club de France
87%
1949 | 1950 | 1993 | +2 others Castres olympique
86%
1899 | 1904 | 1905 | +4 others Stade bordelais
86%
1913 | 1934 | 1943 Aviron bayonnais
84%
1969 CA Bègles
83%
1991 CA Bègles Bordeaux
83%
1914 AS Perpignan
82%
1938 | 1944 | 1955 | 2009 USA Perpignan
82%
1921 | 1925 US Perpignan
82%
1928 | 1946 | 1964 Section paloise
76%
1967 US Montauban
72%
1961 | 1971 | 1972 | +8 others AS Béziers
63%
1954 FC Grenoble
61%
1963 Stade montois
55%
1930 | 1945 | 1962 | +5 others SU Agen
55%
1936 | 1979 RC Narbonne
53%
1910 FC Lyon
52%
1920 | 1973 Stadoceste tarbais
45%
1948 | 1952 | 1953 | +5 others FC Lourdes
40%
1929 US Quillan
11%
1937 CS Vienne
10%
1951 US Carmaux
8%
1970 La Voulte sportif
6%
Aucun quiz correspondant
Distribution des résultats
% des personnes avec chaque résultat
Percentile par nombre de réponses
Votre historique - résultats
Vous n’avez pas pris ce quiz